<?xml version="1.0" encoding="UTF-8"?>
<record
    xmlns:xsi="http://www.w3.org/2001/XMLSchema-instance"
    xsi:schemaLocation="http://www.loc.gov/MARC21/slim http://www.loc.gov/standards/marcxml/schema/MARC21slim.xsd"
    xmlns="http://www.loc.gov/MARC21/slim">

  <leader>02488cam a22003254i 4500</leader>
  <controlfield tag="003">PE-LiUPU</controlfield>
  <controlfield tag="005">20251002162053.0</controlfield>
  <controlfield tag="008">1105s2011    sp a    rb    000 0 spa d</controlfield>
  <datafield tag="020" ind1=" " ind2=" ">
    <subfield code="a">9788497688826</subfield>
  </datafield>
  <datafield tag="035" ind1=" " ind2=" ">
    <subfield code="a">PE-LiUPU000003</subfield>
  </datafield>
  <datafield tag="040" ind1=" " ind2=" ">
    <subfield code="a">PE-LiUPU</subfield>
    <subfield code="b">spa</subfield>
    <subfield code="c">PE-LiUPU</subfield>
    <subfield code="e">rda</subfield>
  </datafield>
  <datafield tag="082" ind1="0" ind2="4">
    <subfield code="a">346.02</subfield>
    <subfield code="b">L339p</subfield>
    <subfield code="2">23</subfield>
  </datafield>
  <datafield tag="100" ind1="1" ind2=" ">
    <subfield code="a">Lasarte, Carlos,</subfield>
    <subfield code="e">autor.</subfield>
    <subfield code="9">7053</subfield>
  </datafield>
  <datafield tag="245" ind1="1" ind2="0">
    <subfield code="a">Pr&#xE1;cticum de Derecho civil :</subfield>
    <subfield code="b">Derecho de personas y familia /</subfield>
    <subfield code="c">por Carlos Lasarte.</subfield>
  </datafield>
  <datafield tag="250" ind1=" " ind2=" ">
    <subfield code="a">Segunda edici&#xF3;n.</subfield>
  </datafield>
  <datafield tag="264" ind1=" " ind2="1">
    <subfield code="a">Madrid ;</subfield>
    <subfield code="a">Barcelona ;</subfield>
    <subfield code="a">Buenos Aires :</subfield>
    <subfield code="b">Marcial Pons,</subfield>
    <subfield code="c">2011.</subfield>
  </datafield>
  <datafield tag="300" ind1=" " ind2=" ">
    <subfield code="a">164 p&#xE1;ginas ;</subfield>
    <subfield code="c">24 cm.</subfield>
  </datafield>
  <datafield tag="336" ind1=" " ind2=" ">
    <subfield code="a">text</subfield>
    <subfield code="2">rdacontent</subfield>
  </datafield>
  <datafield tag="337" ind1=" " ind2=" ">
    <subfield code="a">unmediated</subfield>
    <subfield code="2">rdamedia</subfield>
  </datafield>
  <datafield tag="338" ind1=" " ind2=" ">
    <subfield code="a">volume</subfield>
    <subfield code="2">rdacarrier</subfield>
  </datafield>
  <datafield tag="504" ind1=" " ind2=" ">
    <subfield code="a">Incluye referencias y pruebas de evaluaci&#xF3;n.</subfield>
  </datafield>
  <datafield tag="505" ind1="0" ind2=" ">
    <subfield code="a">Programa de "Derecho Civil I: Parte General, Persona y Familia" -- Ley 3/2007, sobre rectificaci&#xF3;n registral del sexo de las personas -- Auto de enajenaci&#xF3;n de bienes de menores -- Escritura p&#xFA;blica sobre emancipaci&#xF3;n por ambos progenitores -- Escritura p&#xFA;blica sobre emancipaci&#xF3;n por concesi&#xF3;n de madre divorciada -- Auto de internamiento -- Auto sobre constituci&#xF3;n de tutela -- Auto sobre nombramiento de defensor judicial -- Inscripci&#xF3;n de nacimiento (y posterior emancipaci&#xF3;n y nota de referencia del matrimonio de los padres) -- Gu&#xED;a del Ministerio de Justicia sobre cambios o alteraciones de nombre y apellidos -- Acta de nacimiento con posterior modificaci&#xF3;n del nombre del padre del inscrito -- Cambio o inversi&#xF3;n de apellidos posterior a la Ley 40/1999 -- Estatutos de Asociaci&#xF3;n -- Estatutos de Fundaci&#xF3;n -- Apoderamiento apud acta -- Poder general otorgado ante Notario -- Poder especial otorgado ante Notario -- Convenio regulador de uni&#xF3;n de hecho -- Capitulaciones matrimoniales y liquidaci&#xF3;n de sociedad de gananciales -- Escritura de aportaci&#xF3;n a la sociedad de gananciales y compraventa -- Capitulaciones matrimoniales antenupciales -- Reconocimiento testamentario de hija natural -- Donaci&#xF3;n mortis causa -- Pruebas de evaluaci&#xF3;n.</subfield>
  </datafield>
  <datafield tag="650" ind1="1" ind2="4">
    <subfield code="a">Derecho de familia</subfield>
    <subfield code="z">Espa&#xF1;a.</subfield>
    <subfield code="9">7080</subfield>
  </datafield>
  <datafield tag="650" ind1="1" ind2="0">
    <subfield code="a">Estado civil</subfield>
    <subfield code="z">Espa&#xF1;a.</subfield>
    <subfield code="9">7081</subfield>
  </datafield>
  <datafield tag="710" ind1=" " ind2=" ">
    <subfield code="a">Marcial Pons Ediciones Jur&#xED;dicas y Sociales,</subfield>
    <subfield code="e">editor.</subfield>
    <subfield code="9">7054</subfield>
  </datafield>
  <datafield tag="856" ind1="4" ind2="0">
    <subfield code="u">https://www.marcialpons.es/</subfield>
    <subfield code="z">Acceso al sitio de la editorial.</subfield>
  </datafield>
  <datafield tag="942" ind1=" " ind2=" ">
    <subfield code="2">ddc</subfield>
    <subfield code="c">BK</subfield>
  </datafield>
  <datafield tag="980" ind1=" " ind2=" ">
    <subfield code="6">21515</subfield>
    <subfield code="a">ROMINA COBOS Adquisiciones</subfield>
    <subfield code="8">18226</subfield>
    <subfield code="g">Jaime Vilcaz&#xE1;n Jefe de An&#xE1;lisis Documental</subfield>
  </datafield>
  <datafield tag="999" ind1=" " ind2=" ">
    <subfield code="c">63086</subfield>
    <subfield code="d">63085</subfield>
  </datafield>
  <datafield tag="952" ind1=" " ind2=" ">
    <subfield code="r">2025-12-02 00:00:00</subfield>
    <subfield code="l">0</subfield>
    <subfield code="o">346.02 L339p</subfield>
    <subfield code="p">82793</subfield>
    <subfield code="t">e1</subfield>
    <subfield code="v">35.00</subfield>
    <subfield code="w">2025-10-02</subfield>
    <subfield code="x">FACIHED</subfield>
    <subfield code="y">BK</subfield>
    <subfield code="1">0</subfield>
    <subfield code="2">ddc</subfield>
    <subfield code="5">0</subfield>
    <subfield code="7">0</subfield>
    <subfield code="8">GEN</subfield>
    <subfield code="f">P143</subfield>
    <subfield code="a">BUL</subfield>
    <subfield code="b">BUL</subfield>
    <subfield code="c">GEN</subfield>
    <subfield code="d">2025-10-01</subfield>
    <subfield code="e">COMPRA</subfield>
    <subfield code="g">30.00</subfield>
  </datafield>
  <datafield tag="952" ind1=" " ind2=" ">
    <subfield code="r">2025-12-02 00:00:00</subfield>
    <subfield code="l">0</subfield>
    <subfield code="o">346.02 L339p</subfield>
    <subfield code="p">82794</subfield>
    <subfield code="t">e2</subfield>
    <subfield code="v">35.00</subfield>
    <subfield code="w">2025-10-02</subfield>
    <subfield code="x">FACIHED</subfield>
    <subfield code="y">BK</subfield>
    <subfield code="1">0</subfield>
    <subfield code="2">ddc</subfield>
    <subfield code="5">0</subfield>
    <subfield code="7">0</subfield>
    <subfield code="8">GEN</subfield>
    <subfield code="f">P143</subfield>
    <subfield code="a">BUL</subfield>
    <subfield code="b">BUL</subfield>
    <subfield code="c">GEN</subfield>
    <subfield code="d">2025-10-01</subfield>
    <subfield code="e">COMPRA</subfield>
    <subfield code="g">30.00</subfield>
  </datafield>
</record>
